[Event "II Weekend A"]
[Site "Porto Sant'Elpidio ITA"]
[Date "1999.10.17"]
[Round "2"]
[White "Rotoni, Matteo"]
[Black "Ragnini, Damiano"]
[Result "1-0"]
[WhiteElo "1732"]
[BlackElo "1380"]
[PlyCount "73"]
[EventDate "1999.10.16"]

1. e4 c5 2. d4 cxd4 3. c3 dxc3 4. Nxc3 e6 5. Nf3 Nc6 6. Bc4 Be7 7. Qe2 Bb4 8.
O-O Bxc3 9. bxc3 Nge7 10. Rd1 Qc7 11. Nd4 a6 12. Ba3 O-O 13. Bb3 Rd8 14. e5 Nd5
15. Bxd5 exd5 16. Bd6 Qa5 17. Nb3 Qb5 18. Qf3 Qb6 19. Rab1 Qb5 20. Rxd5 Qc4 21.
Rbd1 a5 22. Qg3 b5 23. Nc5 b4 24. h4 bxc3 25. R5d3 c2 26. Rc1 Nb4 27. Rc3 Qd4
28. Nb3 Qd5 29. Qg5 Bb7 30. Bxb4 axb4 31. R3xc2 h6 32. Qg3 Re8 33. f4 Ra6 34.
h5 d6 35. Rd2 Qe6 36. Nd4 Qd5 37. Nf5 1-0

[Event "II Weekend A"]
[Site "Porto Sant'Elpidio ITA"]
[Date "1999.10.17"]
[Round "3"]
[White "Fioravanti, Diego"]
[Black "Gasparroni, Daniele"]
[Result "1-0"]
[WhiteElo "1717"]
[BlackElo "1509"]
[PlyCount "47"]
[EventDate "1999.10.16"]

1. e4 e5 2. f4 exf4 3. Nc3 Nc6 4. Nf3 Bc5 5. d4 Bb4 6. Bxf4 Nf6 7. Bd3 d6 8.
O-O Bg4 9. Ne2 O-O 10. c3 Ba5 11. Bg5 Bb6 12. Kh1 Re8 13. Bxf6 gxf6 14. Qe1 Bh5
15. Nf4 Bg6 16. Nxg6 fxg6 17. Qg3 Qe7 18. Nh4 Qg7 19. Rf3 Rf8 20. Raf1 Rf7 21.
Bc4 Raf8 22. Rxf6 Nd8 23. Bxf7+ Nxf7 24. Nxg6 1-0

[Event "II Weekend A"]
[Site "Porto Sant'Elpidio ITA"]
[Date "1999.10.17"]
[Round "3"]
[White "Fioravanti, Emidio"]
[Black "Rinaudo, Andrea"]
[Result "0-1"]
[WhiteElo "1717"]
[BlackElo "1789"]
[PlyCount "144"]
[EventDate "1999.10.16"]

1. e4 c5 2. Nf3 d6 3. d4 cxd4 4. Nxd4 Nf6 5. Nc3 a6 6. Bc4 e5 7. Nb3 Be7 8. O-O
O-O 9. Re1 Nbd7 10. Be3 Nb6 11. Be2 Bd7 12. f3 Rc8 13. Nd2 d5 14. exd5 Nbxd5
15. Nxd5 Nxd5 16. Bf2 Be6 17. Bf1 f6 18. c3 Qc7 19. Ne4 Rfd8 20. Qc2 f5 21. Ng3
g6 22. Nh1 Rd7 23. g3 Rcd8 24. a3 Nf6 25. Rad1 Bd5 26. Bg2 h6 27. Qe2 e4 28.
Bd4 Bc5 29. Qe3 Bxd4 30. Rxd4 exf3 31. Bxf3 Bxf3 32. Rxd7 Rxd7 33. Qxf3 Qb6+
34. Qf2 Qxf2+ 35. Nxf2 Kf7 36. Re2 g5 37. Kg2 Rd6 38. h3 Nd7 39. Kf3 Kf6 40.
Kg2 Ne5 41. g4 Rd5 42. gxf5 Kxf5 43. Ne4 Nd3 44. Ng3+ Kf6 45. Kh2 Nf4 46. Rf2
Ke5 47. Rc2 Rd3 48. c4 h5 49. h4 gxh4 50. Ne2 Nxe2 51. Rxe2+ Kd4 52. Re7 Rb3
53. c5 Kxc5 54. Re5+ Kc6 55. Re2 b5 56. Re6+ Kb7 57. Re7+ Kb6 58. Re6+ Ka5 59.
Re2 Rd3 60. Re4 Rd2+ 61. Kh3 Rxb2 62. Kxh4 Rb3 63. Kxh5 Rxa3 64. Re5 Rf3 65.
Kg4 Rf8 66. Re4 b4 67. Re1 b3 68. Ra1+ Kb5 69. Ra3 Kb4 70. Rxa6 Rb8 71. Re6 b2
72. Re1 Ka3 0-1

[Event "II Weekend A"]
[Site "Porto Sant'Elpidio ITA"]
[Date "1999.10.17"]
[Round "3"]
[White "Giobbi, Costantino"]
[Black "Rinaudo, Sergio"]
[Result "1/2-1/2"]
[WhiteElo "1761"]
[BlackElo "1663"]
[PlyCount "46"]
[EventDate "1999.10.16"]

1. d4 d5 2. Nf3 Nf6 3. Bf4 e6 4. e3 c5 5. c3 Nc6 6. Nbd2 h6 7. h3 Bd6 8. Ne5
Bxe5 9. dxe5 Nd7 10. Nf3 Qc7 11. Bb5 a6 12. Ba4 b5 13. Bc2 Bb7 14. Qe2 O-O-O
15. O-O g5 16. Bh2 Rdg8 17. b4 g4 18. hxg4 Rxg4 19. e4 dxe4 20. Bxe4 Ncxe5 21.
Bxb7+ Qxb7 22. Bxe5 Nxe5 23. Qxe5 Qxf3 1/2-1/2

[Event "II Weekend A"]
[Site "Porto Sant'Elpidio ITA"]
[Date "1999.10.17"]
[Round "3"]
[White "Iaconi, Andrea"]
[Black "Fratini, Mauro"]
[Result "1-0"]
[WhiteElo "1542"]
[BlackElo "1440"]
[PlyCount "87"]
[EventDate "1999.10.16"]

1. e4 Nf6 2. e5 Nd5 3. c4 Nb6 4. d4 d6 5. f4 e6 6. Nf3 Be7 7. Bd3 c5 8. dxc5
dxc5 9. O-O Nc6 10. a3 O-O 11. Nc3 Nd7 12. Be3 b6 13. Ne2 Bb7 14. Qc2 f5 15.
exf6 Nxf6 16. Ng5 g6 17. Nxe6 Qd6 18. Nxf8 Bxf8 19. Rad1 Ng4 20. Bf2 Ne7 21.
Be4 Qc7 22. Bxb7 Qxb7 23. h3 Nf6 24. Nc3 a6 25. Bh4 Bg7 26. Rfe1 Nf5 27. Bxf6
Bxf6 28. Qe4 Bd4+ 29. Rxd4 Qxe4 30. Rdxe4 Nd6 31. b3 b5 32. Re6 Nf5 33. Re8+
Rxe8 34. Rxe8+ Kf7 35. Ra8 Nd4 36. Rxa6 b4 37. axb4 cxb4 38. Nd5 Nxb3 39. Nxb4
Nc5 40. Rc6 Nb3 41. Rc7+ Kf6 42. c5 Nd4 43. c6 Ne6 44. Rxh7 1-0

[Event "II Weekend A"]
[Site "Porto Sant'Elpidio ITA"]
[Date "1999.10.17"]
[Round "3"]
[White "Miandro, Roberto"]
[Black "Luciani, Valerio"]
[Result "0-1"]
[WhiteElo "1810"]
[BlackElo "2229"]
[PlyCount "82"]
[EventDate "1999.10.16"]

1. c4 e5 2. Nc3 Nc6 3. Nf3 g6 4. g3 Bg7 5. Bg2 Nge7 6. d3 O-O 7. O-O d6 8. Rb1
a5 9. a3 Be6 10. Ng5 Bd7 11. b4 axb4 12. axb4 Qc8 13. b5 Nd4 14. e3 Ne6 15.
Nxe6 Bxe6 16. Nd5 Nxd5 17. cxd5 Bd7 18. Qc2 b6 19. Bd2 Ra7 20. Qb2 Qb7 21. Rfc1
Rfa8 22. Qc3 Qc8 23. Qc4 Qe8 24. Bf1 Bf8 25. d4 e4 26. Bc3 Be7 27. Ra1 Bd8 28.
Rxa7 Rxa7 29. Ra1 Rxa1 30. Bxa1 f5 31. Qb3 h5 32. Bc3 h4 33. Be1 hxg3 34. hxg3
Kg7 35. Qc4 Qg8 36. Qa2 Kf6 37. Qa8 g5 38. Bc4 f4 39. Qa1 f3 40. Bb4 Bh3 41.
Qa2 Qh8 0-1

[Event "II Weekend A"]
[Site "Porto Sant'Elpidio ITA"]
[Date "1999.10.17"]
[Round "3"]
[White "Mircoli, Filippo"]
[Black "Baleani, Emanuele"]
[Result "0-1"]
[WhiteElo "1564"]
[BlackElo "1491"]
[PlyCount "52"]
[EventDate "1999.10.16"]

1. e4 c5 2. Nf3 d6 3. d4 cxd4 4. Nxd4 Nf6 5. Nc3 a6 6. Bd3 e6 7. O-O Be7 8. Kh1
O-O 9. f4 Qc7 10. Qe1 Nbd7 11. Nf3 b5 12. Qh4 Nc5 13. Qg3 Nxd3 14. cxd3 Bb7 15.
Nd4 Rac8 16. f5 e5 17. Bh6 Nh5 18. Qg4 exd4 19. Qxh5 Bf6 20. Rf3 dxc3 21. bxc3
Qxc3 22. Raf1 gxh6 23. Qxh6 Bg7 24. Rg3 Qe5 25. f6 Qxg3 26. fxg7 Qxg7 0-1

[Event "II Weekend A"]
[Site "Porto Sant'Elpidio ITA"]
[Date "1999.10.17"]
[Round "3"]
[White "Panichelli, Benedetto"]
[Black "Giardina, Piera"]
[Result "1-0"]
[WhiteElo "1710"]
[BlackElo "1341"]
[PlyCount "55"]
[EventDate "1999.10.16"]

1. d4 d5 2. c4 Bf5 3. Nc3 e6 4. cxd5 exd5 5. Qb3 b6 6. Qxd5 Qxd5 7. Nxd5 Bd6 8.
Nc3 Nf6 9. Bg5 Nbd7 10. f3 c5 11. d5 Be5 12. e4 Bg6 13. Bb5 O-O 14. Nge2 h6 15.
Be3 Rfd8 16. a4 a5 17. O-O Nb8 18. Nf4 Bh7 19. Nd3 Bxc3 20. bxc3 Na6 21. Bxa6
Rxa6 22. c4 Ra7 23. Ne5 Rd6 24. Rab1 Rb7 25. Bxc5 Rd8 26. Bxb6 Rc8 27. Nc6 Nd7
28. Ne7+ 1-0

[Event "II Weekend A"]
[Site "Porto Sant'Elpidio ITA"]
[Date "1999.10.17"]
[Round "3"]
[White "Ragnini, Damiano"]
[Black "Marinucci, Johnny"]
[Result "1-0"]
[WhiteElo "1380"]
[BlackElo "1500"]
[PlyCount "91"]
[EventDate "1999.10.16"]

1. e4 d5 2. exd5 Qxd5 3. Nc3 Qa5 4. d3 e6 5. Bd2 Bb4 6. Nf3 Nf6 7. Ne4 Bxd2+ 8.
Qxd2 Qxd2+ 9. Nfxd2 Nbd7 10. O-O-O c5 11. Nd6+ Ke7 12. Nxc8+ Raxc8 13. h3 Rhd8
14. g4 Nd5 15. Nf3 a6 16. Ng5 h6 17. Ne4 N7f6 18. Nxf6 Nxf6 19. Bg2 Rc7 20.
Rhe1 b5 21. Re3 Kf8 22. f4 Nd5 23. Bxd5 Rxd5 24. b3 Rcd7 25. c4 bxc4 26. bxc4
Rd4 27. Kc2 Rxf4 28. Re5 Rc7 29. a4 Rf2+ 30. Kc3 Ke7 31. Rb1 Kd6 32. Ree1 Kc6
33. a5 Rb7 34. Rxb7 Kxb7 35. Rb1+ Ka7 36. Rb6 Ra2 37. Rc6 Rxa5 38. Rc7+ Kb6 39.
Rxf7 Ra1 40. Rxg7 Rh1 41. Rg6 Rxh3 42. Rxe6+ Kb7 43. Re7+ Kb6 44. Rh7 Ka5 45.
g5 Ka4 46. Rxh6 1-0

[Event "II Weekend A"]
[Site "Porto Sant'Elpidio ITA"]
[Date "1999.10.17"]
[Round "3"]
[White "Rinaudo, Claudio"]
[Black "Gasparroni, Riccardo"]
[Result "0-1"]
[WhiteElo "1552"]
[BlackElo "1431"]
[PlyCount "128"]
[EventDate "1999.10.16"]

1. e4 c5 2. Nf3 Nc6 3. d4 cxd4 4. Nxd4 Nf6 5. Nc3 e6 6. Ndb5 d6 7. Bg5 Be7 8.
Bxf6 gxf6 9. Be2 Rg8 10. g3 a6 11. Nd4 Qb6 12. Nxc6 Qxc6 13. Qd3 Bd7 14. f4 Rc8
15. Rf1 b5 16. a3 Bd8 17. Rf3 Qc5 18. Qe3 Bb6 19. Qxc5 dxc5 20. Rc1 Ba5 21. Kf1
Bc6 22. Rd3 Bxc3 23. bxc3 Bxe4 24. Rd6 Rc6 25. Rcd1 Bd5 26. Rxc6 Bxc6 27. Rd6
Bb7 28. Rb6 Bc8 29. Rc6 Kd7 30. Rxc5 Kd6 31. Rh5 Rg7 32. Bd3 f5 33. Rh6 Kc5 34.
Ke2 Bb7 35. Ke3 Bd5 36. Kd2 Bf3 37. Ke3 Bc6 38. Kd2 Bd5 39. Ke3 Bc6 40. Kf2 Kb6
41. c4 Ka5 42. cxb5 Bxb5 43. c4 Bc6 44. Bxf5 Ka4 45. Bxh7 Kxa3 46. Ke3 Kb4 47.
Kd4 a5 48. Rh5 f5 49. Rh6 Bd7 50. c5 a4 51. c6 Bc8 52. Bxf5 exf5 53. Rh8 Rc7
54. Kd5 Kb5 55. Re8 Rxc6 56. h4 Bb7 57. Ke5 Rc5+ 58. Kd6 a3 59. h5 a2 60. Re1
Rc6+ 61. Ke5 Bc8 62. Ra1 Re6+ 63. Kd5 Ra6 64. h6 Rxh6 0-1

[Event "II Weekend A"]
[Site "Porto Sant'Elpidio ITA"]
[Date "1999.10.23"]
[Round "4"]
[White "Baleani, Emanuele"]
[Black "Giobbi, Costantino"]
[Result "1-0"]
[WhiteElo "1491"]
[BlackElo "1761"]
[PlyCount "43"]
[EventDate "1999.10.16"]

1. e4 c5 2. Nf3 e6 3. d4 cxd4 4. Nxd4 a6 5. Nc3 b5 6. a3 Bb7 7. g3 Nf6 8. Bg2
Qc7 9. O-O d6 10. Bg5 Nbd7 11. a4 b4 12. Na2 h6 13. Bd2 d5 14. exd5 Nxd5 15.
Bxd5 Bxd5 16. Bxb4 Bxb4 17. Nxb4 Bb7 18. Qg4 O-O-O 19. Ra3 Kb8 20. Rc3 Nc5 21.
Ndc6+ Bxc6 22. Rxc5 1-0

[Event "II Weekend A"]
[Site "Porto Sant'Elpidio ITA"]
[Date "1999.10.23"]
[Round "4"]
[White "Gasparroni, Daniele"]
[Black "Miandro, Roberto"]
[Result "0-1"]
[WhiteElo "1509"]
[BlackElo "1810"]
[PlyCount "58"]
[EventDate "1999.10.16"]

1. d4 d5 2. c4 dxc4 3. Nc3 a6 4. e4 b5 5. Nf3 Bb7 6. Be3 e6 7. Be2 Bb4 8. Qc2
Nf6 9. Nd2 O-O 10. O-O Bxc3 11. bxc3 Nbd7 12. Rab1 Nb6 13. f4 Qe7 14. Rf3 Ng4
15. Rbf1 Rad8 16. Rg3 Nxe3 17. Rxe3 c5 18. Qb2 cxd4 19. cxd4 Na4 20. Qc2 Rxd4
21. Nxc4 Qc5 22. Na3 Qb6 23. Rff3 Rc8 24. Qb3 Nc5 25. Qb2 Na4 26. Qb3 Bxe4 27.
Rg3 g6 28. Bf3 Bxf3 29. Rgxf3 Rc3 0-1

[Event "II Weekend A"]
[Site "Porto Sant'Elpidio ITA"]
[Date "1999.10.23"]
[Round "4"]
[White "Gasparroni, Riccardo"]
[Black "Fioravanti, Diego"]
[Result "0-1"]
[WhiteElo "1431"]
[BlackElo "1717"]
[PlyCount "93"]
[EventDate "1999.10.16"]

1. d4 Nf6 2. c4 c5 3. e3 cxd4 4. exd4 g6 5. Nc3 Bg7 6. Nf3 O-O 7. Be2 d6 8. Be3
Nbd7 9. h3 b6 10. Qd2 Bb7 11. O-O Rc8 12. b3 Ne4 13. Nxe4 Bxe4 14. Rad1 Nf6 15.
Ng5 e6 16. Bf3 Bxf3 17. Nxf3 Ne4 18. Qd3 d5 19. Rc1 Qd6 20. Nd2 Nxd2 21. Qxd2
dxc4 22. bxc4 Rfd8 23. Rfd1 Rd7 24. Rc3 Rcd8 25. Rd3 Qc6 26. Qc2 b5 27. c5 h6
28. Qc1 Kh7 29. Qc2 Qe4 30. Qd2 e5 31. d5 Bf8 32. c6 Rc7 33. Qa5 Bd6 34. Qxb5
Qf5 35. Qa6 e4 36. Rb3 Qh5 37. Rd2 Qe5 38. g3 Qf5 39. h4 g5 40. hxg5 hxg5 41.
Rb7 Rh8 42. Rxc7 Bxc7 43. d6 Kg6 44. Qf1 Ba5 45. Rd4 Bb6 46. Rd2 Bxe3 47. Rb2
0-1

[Event "II Weekend A"]
[Site "Porto Sant'Elpidio ITA"]
[Date "1999.10.23"]
[Round "4"]
[White "Giardina, Piera"]
[Black "Iaconi, Andrea"]
[Result "0-1"]
[WhiteElo "1341"]
[BlackElo "1542"]
[PlyCount "76"]
[EventDate "1999.10.16"]

1. d4 d5 2. Bf4 Nf6 3. Nf3 e6 4. e3 c5 5. c3 Nc6 6. Bd3 c4 7. Bc2 Be7 8. O-O
O-O 9. Nbd2 b5 10. a3 a5 11. b4 axb4 12. axb4 Bb7 13. Ne5 Qb6 14. Nxc6 Bxc6 15.
Be5 Rxa1 16. Qxa1 Ra8 17. Qb2 Qa6 18. Nf3 Qa3 19. Rb1 Qxb2 20. Rxb2 Ra3 21. Kf1
Rxc3 22. Ra2 Bxb4 23. Ra6 Rxc2 24. Rxc6 h6 25. Rc8+ Kh7 26. Bg3 c3 27. Ne5 Rb2
28. Nxf7 c2 29. Rh8+ Kg6 30. Ne5+ Kf5 31. Nd3 Rb1+ 32. Ke2 c1=Q 33. Nxc1 Rxc1
34. Be5 Ba3 35. Rf8 b4 36. Kf3 b3 37. g4+ Kg6 38. h4 Bxf8 0-1

[Event "II Weekend A"]
[Site "Porto Sant'Elpidio ITA"]
[Date "1999.10.23"]
[Round "4"]
[White "Luciani, Valerio"]
[Black "Rinaudo, Sergio"]
[Result "1-0"]
[WhiteElo "2229"]
[BlackElo "1663"]
[PlyCount "103"]
[EventDate "1999.10.16"]

1. c4 e5 2. Nc3 Nc6 3. g3 g6 4. Bg2 Bg7 5. Nf3 Nf6 6. O-O O-O 7. d3 d6 8. h3 h6
9. e4 Be6 10. b3 Qd7 11. Kh2 Kh7 12. Be3 Rae8 13. Qd2 Qc8 14. d4 exd4 15. Nxd4
Bd7 16. Nde2 Re7 17. Rae1 Rfe8 18. f4 Bf5 19. exf5 Rxe3 20. fxg6+ fxg6 21. Nd1
R3e7 22. Nec3 Qd7 23. Ne3 Nd8 24. Ned5 Nxd5 25. Nxd5 Rxe1 26. Rxe1 c6 27. Rxe8
Qxe8 28. Ne3 Qe6 29. Qd3 Kg8 30. b4 Nf7 31. a4 Kf8 32. b5 cxb5 33. axb5 Nd8 34.
Nd5 Kf7 35. h4 Qf5 36. Qe3 Qd7 37. Qxa7 Qc8 38. Qe3 Bf8 39. Qe4 Kg7 40. Qd4+
Kh7 41. Nf6+ Kg7 42. Nd7+ Kg8 43. Bd5+ Nf7 44. Bxf7+ Kxf7 45. Qf6+ Ke8 46. Nxf8
Qxc4 47. Qe6+ Qxe6 48. Nxe6 Ke7 49. Nd4 d5 50. Kg2 Kd6 51. Kf3 Kc5 52. Ke3 1-0

[Event "II Weekend A"]
[Site "Porto Sant'Elpidio ITA"]
[Date "1999.10.23"]
[Round "4"]
[White "Ragnini, Damiano"]
[Black "Fioravanti, Emidio"]
[Result "0-1"]
[WhiteElo "1380"]
[BlackElo "1717"]
[PlyCount "104"]
[EventDate "1999.10.16"]

1. e4 e5 2. f4 d5 3. Nf3 Bg4 4. d3 dxe4 5. h3 Be6 6. Ng5 Bd5 7. dxe4 f6 8. Qxd5
Qxd5 9. exd5 fxg5 10. fxe5 Be7 11. Nc3 a6 12. Bd2 Nd7 13. e6 Nb6 14. Ne4 Nxd5
15. Nxg5 Nh6 16. Bd3 O-O-O 17. Rf1 Nb4 18. Nf7 Nxd3+ 19. cxd3 Bh4+ 20. Ke2 Nxf7
21. exf7 Be7 22. Rf3 Rhf8 23. Rc1 Rd6 24. Rc4 Rf6 25. Bf4 Bd8 26. Bg5 Rxf3 27.
Bxd8 R3xf7 28. Bh4 Rf4 29. Rxf4 Rxf4 30. Bg3 Rf5 31. Ke3 Kd7 32. Ke4 Rc5 33.
Be5 g6 34. h4 c6 35. g3 Ke6 36. Bh8 Rc2 37. Bg7 Re2+ 38. Kf4 Rf2+ 39. Ke4 c5
40. Bh8 Rf5 41. Bc3 g5 42. h5 g4 43. h6 Rf3 44. Be5 Rxd3 45. Kxd3 Kxe5 46. b3
b5 47. a3 c4+ 48. bxc4 bxc4+ 49. Kxc4 Ke4 50. Kc3 Kf3 51. Kd2 Kxg3 52. Ke3 Kh2
0-1

[Event "II Weekend A"]
[Site "Porto Sant'Elpidio ITA"]
[Date "1999.10.23"]
[Round "4"]
[White "Rinaudo, Andrea"]
[Black "Panichelli, Benedetto"]
[Result "0-1"]
[WhiteElo "1789"]
[BlackElo "1710"]
[PlyCount "64"]
[EventDate "1999.10.16"]

1. e4 c5 2. Nf3 a6 3. c4 e6 4. Nc3 Qc7 5. d4 cxd4 6. Nxd4 Nf6 7. a3 Nxe4 8.
Nxe4 Qe5 9. Be2 Qxe4 10. O-O Nc6 11. Nxc6 Qxc6 12. b4 Be7 13. Bb2 O-O 14. Qd3
Qc7 15. Rad1 f5 16. f4 Bf6 17. Bxf6 Rxf6 18. Qd6 Qxd6 19. Rxd6 Kf8 20. c5 Ke7
21. Rfd1 Kd8 22. Bf3 Kc7 23. Kf2 Rb8 24. Rb6 d5 25. Ke3 Bd7 26. Rd6 Bc6 27. Kd4
b6 28. Re1 bxc5+ 29. bxc5 Bd7 30. Rxa6 e5+ 31. Rxe5 Rxa6 32. Bxd5 Ra4+ 0-1

[Event "II Weekend A"]
[Site "Porto Sant'Elpidio ITA"]
[Date "1999.10.23"]
[Round "4"]
[White "Rotoni, Matteo"]
[Black "Negri, Jacopo"]
[Result "1-0"]
[WhiteElo "1732"]
[BlackElo "1651"]
[PlyCount "47"]
[EventDate "1999.10.16"]

1. e4 e6 2. d4 d5 3. e5 c5 4. c3 Nc6 5. Be3 Qb6 6. Qd2 cxd4 7. cxd4 Nge7 8. Bd3
Bd7 9. Nc3 Nb4 10. Nge2 Nxd3+ 11. Qxd3 Nc6 12. O-O Na5 13. b3 Ba3 14. Bc1 Be7
15. Qg3 g6 16. Bg5 Qd8 17. Bh6 Bf8 18. Bg5 Be7 19. Bh6 Bf8 20. Qh3 Qe7 21. Rac1
Bxh6 22. Qxh6 Qf8 23. Qd2 Qg7 24. Nxd5 1-0

[Event "II Weekend A"]
[Site "Porto Sant'Elpidio ITA"]
[Date "1999.10.23"]
[Round "4"]
[White "Zallocco, Marco"]
[Black "Rinaudo, Claudio"]
[Result "0-1"]
[WhiteElo "1425"]
[BlackElo "1552"]
[PlyCount "74"]
[EventDate "1999.10.16"]

1. d4 d5 2. Bf4 Bf5 3. Nf3 Nf6 4. e3 e6 5. c4 c6 6. h3 Bd6 7. Bxd6 Qxd6 8. c5
Qc7 9. b4 O-O 10. Bd3 Bxd3 11. Qxd3 Nbd7 12. O-O e5 13. dxe5 Nxe5 14. Nxe5 Qxe5
15. Qc3 Rfe8 16. Qxe5 Rxe5 17. Nd2 Ne4 18. Nxe4 Rxe4 19. a3 Rae8 20. Rad1 Rc4
21. Rc1 Ree4 22. Rfd1 Kf8 23. Kf1 f5 24. g3 g5 25. Rxc4 Rxc4 26. Rd4 Rc1+ 27.
Ke2 Ra1 28. Rd3 Rh1 29. h4 gxh4 30. gxh4 Rxh4 31. Kf3 Rg4 32. Rd4 Re4 33. Ke2
Kg7 34. Rxe4 fxe4 35. f4 exf3+ 36. Kxf3 Kf6 37. Kf4 Ke6 0-1

[Event "II Weekend A"]
[Site "Porto Sant'Elpidio ITA"]
[Date "1999.10.24"]
[Round "5"]
[White "Fioravanti, Diego"]
[Black "Luciani, Valerio"]
[Result "0-1"]
[WhiteElo "1717"]
[BlackElo "2229"]
[PlyCount "62"]
[EventDate "1999.10.16"]

1. e4 e6 2. d4 d5 3. Nd2 c5 4. exd5 exd5 5. dxc5 Bxc5 6. Nb3 Bd6 7. Nf3 Nc6 8.
Bd3 Nge7 9. O-O O-O 10. Re1 Qc7 11. c3 Bd7 12. Bg5 f6 13. Bd2 Ne5 14. Nxe5 fxe5
15. Bg5 Rae8 16. Be2 Bc6 17. h3 Nf5 18. Bg4 b6 19. Qc2 Qf7 20. Rad1 Qg6 21. f4
h6 22. fxe5 Bxe5 23. Be3 h5 24. Bf3 Bh2+ 25. Kxh2 Qg3+ 26. Kh1 Nxe3 27. Qd3
Rxf3 28. Re2 Nxd1 29. Qxf3 Qxf3 30. Rxe8+ Bxe8 31. gxf3 Nxb2 0-1

[Event "II Weekend A"]
[Site "Porto Sant'Elpidio ITA"]
[Date "1999.10.24"]
[Round "5"]
[White "Gasparroni, Daniele"]
[Black "Marinucci, Johnny"]
[Result "1/2-1/2"]
[WhiteElo "1509"]
[BlackElo "1500"]
[PlyCount "66"]
[EventDate "1999.10.16"]

1. d4 Nf6 2. c4 g6 3. Nc3 d5 4. cxd5 Nxd5 5. e4 Nxc3 6. bxc3 Bg7 7. Nf3 c5 8.
Be3 O-O 9. Bc4 Nc6 10. O-O cxd4 11. cxd4 Bg4 12. Rb1 Qc7 13. d5 Ne5 14. Be2
Nxf3+ 15. Bxf3 Bxf3 16. Qxf3 b6 17. Rfc1 Qd7 18. Rc6 Rac8 19. Rbc1 Rxc6 20.
Rxc6 Rc8 21. Rxc8+ Qxc8 22. Qe2 Qb7 23. f3 Qc7 24. f4 e6 25. dxe6 fxe6 26. Qb5
Kf7 27. Qb3 Ke7 28. e5 Bf8 29. Kf2 Kf7 30. g4 Bc5 31. Bxc5 Qxc5+ 32. Qe3 Qc2+
33. Qe2 Qc5+ 1/2-1/2

[Event "II Weekend A"]
[Site "Porto Sant'Elpidio ITA"]
[Date "1999.10.24"]
[Round "5"]
[White "Miandro, Roberto"]
[Black "Gasparroni, Riccardo"]
[Result "1-0"]
[WhiteElo "1810"]
[BlackElo "1431"]
[PlyCount "105"]
[EventDate "1999.10.16"]

1. c4 e5 2. Nc3 Nf6 3. Nf3 Nc6 4. g3 d6 5. Bg2 Be7 6. h3 Be6 7. d3 h6 8. O-O
Qd7 9. Kh2 O-O 10. a3 a5 11. Rb1 Nh7 12. b4 axb4 13. axb4 f5 14. b5 Nd8 15. Nd5
Bxd5 16. cxd5 b6 17. Qc2 Nf6 18. Qc4 Kh7 19. Bd2 Ne8 20. Ra1 Qc8 21. Ra6 Qb7
22. Rfa1 Rxa6 23. Rxa6 g5 24. Ne1 Nf6 25. Nc2 Nd7 26. Bb4 f4 27. Be4+ Kg7 28.
g4 Nf6 29. f3 h5 30. Kg2 hxg4 31. hxg4 Rh8 32. Ra1 Rf8 33. Bc3 Nxe4 34. Qxe4
Qc8 35. Rh1 Rh8 36. Rxh8 Kxh8 37. Qg6 Qd7 38. Na3 Nb7 39. d4 e4 40. Qxe4 Qe8
41. Bd2 Na5 42. e3 Nb3 43. Be1 fxe3 44. Qxe3 Na5 45. Nc2 Nb7 46. Qe4 Qf7 47.
Ne3 Bd8 48. Nf5 Qd7 49. Qe6 Qxe6 50. dxe6 Bf6 51. e7 Bxe7 52. Nxe7 Kg7 53. Nd5
1-0

[Event "II Weekend A"]
[Site "Porto Sant'Elpidio ITA"]
[Date "1999.10.24"]
[Round "5"]
[White "Mircoli, Filippo"]
[Black "Ragnini, Damiano"]
[Result "1-0"]
[WhiteElo "1564"]
[BlackElo "1380"]
[PlyCount "87"]
[EventDate "1999.10.16"]

1. e4 c5 2. Nf3 Nc6 3. d4 cxd4 4. Nxd4 Nf6 5. Nc3 e5 6. Ndb5 d6 7. Bg5 a6 8.
Na3 b5 9. Bxf6 gxf6 10. Nd5 Bg7 11. c3 f5 12. Bd3 fxe4 13. Bxe4 O-O 14. Nc2 f5
15. Ne7+ Qxe7 16. Bxc6 Ra7 17. O-O Bb7 18. Nb4 a5 19. Bxb7 Qxb7 20. Nd5 Kh8 21.
Qd2 Qf7 22. Rad1 f4 23. Qd3 b4 24. cxb4 axb4 25. Nxb4 e4 26. Qxe4 Re8 27. Qd5
Re6 28. Nc6 Rd7 29. Nd4 Bxd4 30. Rxd4 Qf6 31. Qc4 Qe7 32. Rxf4 Re1 33. Qc3+ Re5
34. Rg4 Rc7 35. Qd4 Qe6 36. h3 h5 37. Re4 Rg7 38. Rxe5 dxe5 39. Qe4 Qxh3 40.
Rd1 Qc8 41. Qxe5 h4 42. Qh5+ Rh7 43. Qg5 Rd7 44. Qxh4+ 1-0

[Event "II Weekend A"]
[Site "Porto Sant'Elpidio ITA"]
[Date "1999.10.24"]
[Round "5"]
[White "Negri, Jacopo"]
[Black "Iaconi, Andrea"]
[Result "1-0"]
[WhiteElo "1651"]
[BlackElo "1542"]
[PlyCount "47"]
[EventDate "1999.10.16"]

1. e4 c5 2. c3 d5 3. exd5 Qxd5 4. d4 cxd4 5. cxd4 Nc6 6. Nf3 e6 7. Bd3 Nf6 8.
O-O Be7 9. Nc3 Qd8 10. Qe2 O-O 11. Bg5 a6 12. Rad1 b5 13. Bxf6 Bxf6 14. Qe4 g6
15. Qxc6 Rb8 16. Ne4 Bb7 17. Qd6 Bxe4 18. Qxd8 Rfxd8 19. Bxe4 g5 20. Ne5 Rb6
21. Bf3 Rbd6 22. Rc1 Bg7 23. Rc7 Bxe5 24. dxe5 1-0

[Event "II Weekend A"]
[Site "Porto Sant'Elpidio ITA"]
[Date "1999.10.24"]
[Round "5"]
[White "Panichelli, Benedetto"]
[Black "Rotoni, Matteo"]
[Result "1/2-1/2"]
[WhiteElo "1710"]
[BlackElo "1732"]
[PlyCount "128"]
[EventDate "1999.10.16"]

1. d4 Nf6 2. Nc3 d5 3. e4 e6 4. Bg5 Be7 5. e5 Nfd7 6. Bxe7 Qxe7 7. Nf3 a6 8.
Qd2 c5 9. Ne2 cxd4 10. Nexd4 Nc6 11. Nxc6 bxc6 12. Bd3 c5 13. b3 h6 14. Qe2 Bb7
15. O-O a5 16. Nd2 O-O 17. f4 f5 18. exf6 Rxf6 19. Rae1 Qd6 20. Bb5 Nf8 21. g3
Qb6 22. a4 Rd8 23. Nf3 Ng6 24. h4 c4+ 25. Qf2 Qxf2+ 26. Rxf2 cxb3 27. cxb3 d4
28. h5 Ne7 29. Ne5 Nd5 30. Nd7 Rf5 31. Re5 Rxe5 32. Nxe5 Nc3 33. Nc4 d3 34. Nd2
Nxb5 35. axb5 Rd5 36. Rf3 Rxb5 37. Rxd3 Rxh5 38. Rd8+ Kh7 39. Kf2 Rd5 40. Rxd5
Bxd5 41. Ke3 Bc6 42. Nc4 a4 43. b4 Bd5 44. Na3 Kg6 45. b5 Kf5 46. b6 g5 47. Nc4
gxf4+ 48. gxf4 Kg4 49. Ne5+ Kg3 50. Nd3 h5 51. Kd4 h4 52. f5 h3 53. fxe6 Bc6
54. e7 h2 55. e8=Q Bxe8 56. b7 h1=Q 57. b8=Q+ Kg2 58. Qb7+ Kg1 59. Qb1+ Kh2 60.
Qb8+ Kg1 61. Qg3+ Qg2 62. Qe1+ Kh2 63. Qh4+ Kg1 64. Qe1+ Kh2 1/2-1/2

[Event "II Weekend A"]
[Site "Porto Sant'Elpidio ITA"]
[Date "1999.10.24"]
[Round "5"]
[White "Rinaudo, Andrea"]
[Black "Baleani, Emanuele"]
[Result "1-0"]
[WhiteElo "1789"]
[BlackElo "1491"]
[PlyCount "92"]
[EventDate "1999.10.16"]

1. e4 c5 2. Nf3 d6 3. d4 cxd4 4. Nxd4 Nf6 5. Nc3 a6 6. a4 e5 7. Nb3 Be6 8. Be2
Be7 9. O-O O-O 10. f4 Nc6 11. Kh1 Nb4 12. Be3 Rc8 13. Qd2 Nxe4 14. Nxe4 Rxc2
15. Qxb4 Rxe2 16. Rae1 Rxb2 17. Rb1 d5 18. Bc5 Rxb1 19. Rxb1 Bxc5 20. Nexc5 Qd6
21. fxe5 Qxe5 22. Qxb7 Rb8 23. Qxa6 d4 24. Qf1 Rd8 25. Nd3 Qd6 26. Nbc5 Bc4 27.
Qd1 Qc6 28. a5 Qg6 29. Ne5 Qf5 30. Nxc4 Qxc5 31. Qa4 d3 32. h3 g6 33. a6 Ra8
34. Ra1 Qd4 35. a7 d2 36. Rd1 Rxa7 37. Qe8+ Kg7 38. Qe5+ Qxe5 39. Nxe5 Re7 40.
Nf3 Kh6 41. Rxd2 f5 42. Kg1 Kg7 43. Kf2 h6 44. Rd6 Kf7 45. Nh4 g5 46. Nxf5 Re6
1-0

[Event "II Weekend A"]
[Site "Porto Sant'Elpidio ITA"]
[Date "1999.10.24"]
[Round "5"]
[White "Rinaudo, Claudio"]
[Black "Giobbi, Costantino"]
[Result "1/2-1/2"]
[WhiteElo "1552"]
[BlackElo "1761"]
[PlyCount "54"]
[EventDate "1999.10.16"]

1. e4 Nf6 2. e5 Nd5 3. c4 Nb6 4. d4 d6 5. exd6 cxd6 6. Nc3 g6 7. Bd3 Bg7 8.
Nge2 Nc6 9. Be3 O-O 10. a3 e5 11. d5 Ne7 12. Rc1 Bf5 13. O-O Rc8 14. b3 Bxd3
15. Qxd3 f5 16. Rfd1 f4 17. Bxb6 axb6 18. f3 Nf5 19. Ne4 h6 20. N2c3 Rf7 21.
Nb5 Bf8 22. b4 h5 23. Rc3 Rd7 24. Rdc1 Qh4 25. Qd2 Kg7 26. Qf2 Qd8 27. Qd2 Be7
1/2-1/2